[Event "12sen.WM-H Naumburg"]
[Site "Naumburg/Saale(20.10.-03.11.)"]
[Date "2002.12.18"]
[Round "2"]
[White "Roellig, Wolfgang"]
[Black "Suchsland, Helmut_Dr"]
[Result "0-1"]
[WhiteElo "1442"]
[BlackElo "1786"]
[PlyCount "136"]
[EventDate "2002.11.??"]

1. d4 d5 2. h3 c5 3. Nf3 cxd4 4. Qxd4 Nc6 5. Qd1 Nf6 6. c3 e5 7. e3 Bd6 8. Bb5
O-O 9. O-O h6 10. Re1 Be6 11. Nbd2 a6 12. Ba4 b5 13. Bc2 Qd7 14. e4 Rae8 15.
exd5 Nxd5 16. Ne4 Be7 17. Ned2 Qc7 18. Bb3 Rd8 19. Bc2 f5 20. Bb3 e4 21. Nd4
Nxd4 22. cxd4 Kh7 23. Nf1 Bc8 24. Bd2 Nf4 25. Bxf4 Qxf4 26. d5 Bb7 27. Rc1 Qe5
28. Rc2 Bxd5 29. Bxd5 Rxd5 30. Rd2 Rfd8 31. Ree2 Bb4 32. Rxd5 Rxd5 33. Qb3 Bd6
34. Qc2 Bc7 35. Rd2 Rxd2 36. Qxd2 Bb6 37. b3 Bd4 38. Qc2 Qc5 39. Qe2 Qc3 40.
Qd1 Qb2 41. Qd2 Kg6 42. Qxb2 Bxb2 43. Ne3 Ba3 44. Nd5 Bd6 45. g3 Kf7 46. Kg2 g5
47. f3 Ke6 48. Ne3 Bc5 49. Nc2 e3 50. Kf1 Ke5 51. Ke2 f4 52. g4 Kd5 53. Kd3 a5
54. Ke2 a4 55. Kd3 Kc6 56. b4 Be7 57. Nd4+ Kd5 58. a3 Bf6 59. Nxb5 Bb2 60. Nc3+
Kc6 61. b5+ Kd6 62. Nxa4 Bxa3 63. b6 Kc6 64. b7 Kxb7 65. Nc3 Kc6 66. Ke2 Bb2
67. Ne4 Kd5 68. Nf6+ Bxf6 0-1

[Event "12sen.WM-H Naumburg"]
[Site "Naumburg/Saale(20.10.-03.11.)"]
[Date "2002.10.22"]
[Round "2"]
[White "Rosen, Willy"]
[Black "Niebling, Ferdinand"]
[Result "1/2-1/2"]
[WhiteElo "2336"]
[BlackElo "2131"]
[PlyCount "62"]
[EventDate "2002.11.??"]

1. e4 e6 2. d4 d5 3. Nc3 Bb4 4. e5 c5 5. Bd2 Ne7 6. dxc5 O-O 7. Qg4 Nbc6 8. Nf3
Bxc5 9. Na4 Bb6 10. Nxb6 Qxb6 11. Bc3 Bd7 12. Bd3 Nf5 13. Bxf5 exf5 14. Qf4
Rac8 15. O-O Nd8 16. Rfd1 Rc4 17. Nd4 Ne6 18. Qd2 Nc5 19. f3 Rc8 20. Kh1 Na4
21. Ne2 Nxc3 22. bxc3 Be6 23. Rab1 Qc7 24. Qe3 b6 25. g3 h6 26. Kg2 Qc5 27.
Qxc5 R8xc5 28. Rb2 Ra5 29. Kf2 Kf8 30. Ke3 Rca4 31. Ra1 Ra3 1/2-1/2

[Event "12sen.WM-H Naumburg"]
[Site "Naumburg/Saale(20.10.-03.11.)"]
[Date "2002.10.22"]
[Round "2"]
[White "Rost, Wolfgang_Dr"]
[Black "Kuhn, Arno[29Ludw]"]
[Result "1-0"]
[WhiteElo "2230"]
[BlackElo "2008"]
[PlyCount "69"]
[EventDate "2002.11.??"]

1. d4 d5 2. Nf3 Nf6 3. e3 Bf5 4. c4 e6 5. Nc3 c6 6. Ne5 Be7 7. Qb3 Qc7 8. Bd2
Nbd7 9. f4 O-O 10. Be2 Ne4 11. Nxe4 Bxe4 12. O-O f6 13. Nxd7 Qxd7 14. Bf3 f5
15. a4 b6 16. Bxe4 fxe4 17. a5 bxa5 18. Rxa5 Rab8 19. Qa2 Rb7 20. Ra1 Ra8 21.
f5 Bd8 22. fxe6 Qxe6 23. cxd5 cxd5 24. Rxd5 Re7 25. Bb4 Re8 26. Rd7 Qxa2 27.
Rxa2 Bb6 28. Bc5 Bxc5 29. dxc5 a5 30. c6 Rec8 31. c7 h6 32. Rxa5 Kh7 33. Rxa8
Rxa8 34. Rd8 Ra1+ 35. Kf2 1-0

[Event "12sen.WM-H Naumburg"]
[Site "Naumburg/Saale(20.10.-03.11.)"]
[Date "2002.10.22"]
[Round "2"]
[White "Rost_van_Tonningen, Otto"]
[Black "Schober, Manfred"]
[Result "1-0"]
[WhiteElo "2230"]
[BlackElo "2047"]
[PlyCount "87"]
[EventDate "2002.11.??"]

1. Nf3 Nf6 2. d4 d5 3. Bf4 Nbd7 4. e3 a6 5. Bd3 c5 6. c3 e6 7. Nbd2 Be7 8. Ne5
O-O 9. Qf3 Nxe5 10. dxe5 Ne8 11. h4 f5 12. g4 d4 13. exd4 cxd4 14. c4 Bd7 15.
Qg3 Bc6 16. Rh2 Qd7 17. Ke2 Rc8 18. Rg1 Bb4 19. gxf5 exf5 20. Nf3 Be4 21. Ng5
Qc6 22. b3 h6 23. Nh3 Bxd3+ 24. Qxd3 Qe4+ 25. Qxe4 fxe4 26. Bxh6 Kh7 27. Bd2
Bc5 28. Ng5+ Kg8 29. Nxe4 d3+ 30. Kxd3 Rd8+ 31. Ke2 Bd4 32. Rg5 Nc7 33. f4 Ne6
34. Rg4 Bb6 35. Be3 Bxe3 36. Kxe3 Rd1 37. Nc3 Rc1 38. Kd2 Rf1 39. Nd5 Ra1 40.
Ke3 Re1+ 41. Re2 Rh1 42. b4 Rh3+ 43. Ke4 a5 44. f5 1-0

[Event "12sen.WM-H Naumburg"]
[Site "Naumburg/Saale(20.10.-03.11.)"]
[Date "2002.10.22"]
[Round "2"]
[White "Rueggeberg, Wilhelm"]
[Black "Marzoll, Wolfgang"]
[Result "0-1"]
[WhiteElo "1814"]
[BlackElo "2325"]
[PlyCount "106"]
[EventDate "2002.11.??"]

1. d4 g6 2. c4 Bg7 3. Nc3 d6 4. e4 Nc6 5. Be3 e5 6. d5 Nce7 7. Bd3 f5 8. exf5
gxf5 9. Qh5+ Kf8 10. Bg5 Nf6 11. Bxf6 Bxf6 12. Qh6+ Bg7 13. Qd2 Ng6 14. f3 e4
15. Bf1 Ne5 16. O-O-O a6 17. Kb1 Qf6 18. Be2 Bd7 19. h4 Bh6 20. Qd4 Bg7 21. Nh3
Qe7 22. Qd2 Rb8 23. a4 Ng6 24. h5 Ne5 25. Rhf1 Nf7 26. b3 Qe5 27. Kc2 b5 28.
axb5 axb5 29. cxb5 Bxb5 30. Bc4 Bxc4 31. bxc4 Rb4 32. Nf4 Nd8 33. Rb1 Rxc4 34.
Nfe2 Ke8 35. Rb8 Kd7 36. Kb3 Rc5 37. Ra1 Re8 38. Raa8 Bf6 39. Rb5 Rxb5+ 40.
Nxb5 exf3 41. gxf3 Qe3+ 42. Qxe3 Rxe3+ 43. Nec3 Bxc3 44. Nxc3 Rxf3 45. Ra7 f4
46. Kb4 Rf1 47. Nb5 f3 48. Rxc7+ Ke8 49. Nxd6+ Kf8 50. Rc8 f2 51. Rxd8+ Ke7 52.
Re8+ Kxd6 53. Rf8 Rb1+ 0-1

[Event "12sen.WM-H Naumburg"]
[Site "Naumburg/Saale(20.10.-03.11.)"]
[Date "2002.10.22"]
[Round "2"]
[White "Rychlik, Kurt"]
[Black "Semasev, Kim"]
[Result "0-1"]
[WhiteElo "2078"]
[BlackElo "2274"]
[PlyCount "118"]
[EventDate "2002.11.??"]

1. d4 Nf6 2. c4 g6 3. Nc3 Bg7 4. e4 d6 5. Be2 O-O 6. Bg5 Nbd7 7. Qd2 e5 8. d5
Nc5 9. b4 Na6 10. a3 Qe8 11. h3 Nxe4 12. Nxe4 f5 13. Nc3 f4 14. f3 e4 15. Rc1
e3 16. Qc2 Qe5 17. h4 h6 18. Bd3 Bf5 19. Nh3 Bxh3 20. Rxh3 hxg5 21. hxg5 Qxg5
22. Ne4 Qe5 23. b5 Nc5 24. Nxc5 dxc5 25. Bxg6 Qg5 26. Be4 Rf6 27. g4 Rh6 28.
Qh2 Kf7 29. Rxh6 Bxh6 30. Qh5+ Kf6 31. Ke2 Qxh5 32. gxh5 Rg8 33. Bg6 Ke5 34.
Kd3 Bg5 35. Rg1 Kf6 36. a4 Bh4 37. Rg4 Bg3 38. Be4 Rg5 39. Rxg5 Kxg5 40. Bg6
Be1 41. Ke2 Bc3 42. Kd3 Bg7 43. Bf7 Kf6 44. Be8 Ke7 45. Bg6 Kd6 46. Be8 Bh6 47.
Kc3 Ke5 48. Kd3 b6 49. Bg6 Bf8 50. Be4 e2 51. Kxe2 Kd4 52. Bd3 Kc3 53. Be4 Kxc4
54. Kd2 Bg7 55. Ke2 Kb3 56. Bb1 c4 57. Kd1 Kxa4 58. Bf5 Kxb5 59. Be6 Kc5 0-1

[Event "12sen.WM-H Naumburg"]
[Site "Naumburg/Saale(20.10.-03.11.)"]
[Date "2002.10.22"]
[Round "2"]
[White "Schoenegg, Werner"]
[Black "Schneider, Siegfried[42Wilk]"]
[Result "1/2-1/2"]
[WhiteElo "2015"]
[BlackElo "1676"]
[PlyCount "86"]
[EventDate "2002.11.??"]

1. f4 d5 2. Nf3 Bf5 3. e3 e6 4. b3 Nf6 5. Bb2 Nbd7 6. Be2 h6 7. O-O Bd6 8. Ne5
c6 9. d3 Qc7 10. Nxd7 Qxd7 11. Bf3 O-O-O 12. Qe2 Bc5 13. Nc3 Rhg8 14. Na4 Be7
15. Bd4 Kb8 16. Qd2 Qc7 17. Rab1 Nd7 18. b4 g5 19. g3 gxf4 20. exf4 f6 21. b5
c5 22. Bf2 b6 23. Nc3 Bd6 24. Bg2 h5 25. a4 Rg7 26. a5 Rdg8 27. Ne2 Bg4 28. Kh1
Bxe2 29. Qxe2 Bxf4 30. Qxe6 Bxg3 31. Qxd5 Kc8 32. Bh3 Bxf2 33. Rxf2 Qb7 34.
Qc6+ Qc7 35. Rxf6 Kb8 36. Bxd7 Rxd7 37. Rbf1 Qxc6+ 38. bxc6 Rd4 39. Rf8+ Rxf8
40. Rxf8+ Kc7 41. Rf7+ Kxc6 42. Rxa7 Rh4 43. Kg2 c4 1/2-1/2

[Event "12sen.WM-H Naumburg"]
[Site "Naumburg/Saale(20.10.-03.11.)"]
[Date "2002.10.22"]
[Round "2"]
[White "Schulz, Wolfgang[32Hamb]"]
[Black "Dornieden, Manfred_Dr"]
[Result "1/2-1/2"]
[WhiteElo "2117"]
[BlackElo "2299"]
[PlyCount "94"]
[EventDate "2002.11.??"]

1. e4 d6 2. d4 g6 3. Nc3 Bg7 4. Be3 a6 5. f4 Nf6 6. Nf3 O-O 7. e5 Ng4 8. Bg1
dxe5 9. dxe5 Nc6 10. Bc4 e6 11. Bc5 Qxd1+ 12. Rxd1 Rd8 13. Rxd8+ Nxd8 14. h3
Nh6 15. Ne4 b6 16. Bf2 Bb7 17. Bd3 Nc6 18. c3 Ne7 19. Ke2 Nd5 20. g3 Nf5 21.
Rd1 h5 22. c4 Nde7 23. Bc2 Bc6 24. g4 hxg4 25. hxg4 Nh6 26. Bh4 Kf8 27. Nd4 Bb7
28. Rg1 Nc6 29. Nf3 Ng8 30. Rd1 Ke8 31. a3 Nge7 32. Bf6 Bxf6 33. Nxf6+ Kf8 34.
Rh1 Nd4+ 35. Kf2 Bxf3 36. Rh8+ Ng8 37. Rxg8+ Ke7 38. Bd1 Rxg8 39. Nxg8+ Kf8 40.
Bxf3 Kxg8 41. Ke3 c5 42. Bb7 a5 43. Bc8 Kg7 44. g5 Kf8 45. Bd7 Ke7 46. Ba4 Kd8
47. Kd3 Ke7 1/2-1/2

[Event "12sen.WM-H Naumburg"]
[Site "Naumburg/Saale(20.10.-03.11.)"]
[Date "2002.10.22"]
[Round "2"]
[White "Schwagrowski, Bernd"]
[Black "Fotland, Hans_Christian"]
[Result "0-1"]
[WhiteElo "1543"]
[BlackElo "1819"]
[PlyCount "92"]
[EventDate "2002.11.??"]

1. e4 c5 2. Nf3 Nc6 3. Bc4 g6 4. d3 Bg7 5. c3 e6 6. Bf4 d6 7. Nbd2 Nge7 8. O-O
O-O 9. Bb3 b6 10. Qc2 d5 11. e5 Ba6 12. Rfe1 Rc8 13. a3 h6 14. Rad1 g5 15. Bg3
Nf5 16. Nf1 h5 17. h3 g4 18. hxg4 hxg4 19. N3h2 Nxg3 20. Nxg3 Nxe5 21. d4 cxd4
22. Rxd4 f5 23. Rd2 Qh4 24. Ngf1 Rcd8 25. Qd1 Rfe8 26. Bc2 Kf7 27. Bd3 Nxd3 28.
Rxd3 Bxd3 29. Qxd3 Bf8 30. g3 Qh5 31. f4 Bc5+ 32. Kh1 Rh8 33. Re2 Qh6 34. b4
Bd6 35. a4 Rc8 36. Rc2 Qf6 37. Ne3 Rhd8 38. Nd1 Rc7 39. Kg1 Rdc8 40. Nf1 Bxb4
41. Rh2 Bc5+ 42. Nfe3 Rh8 43. Kg2 Rxh2+ 44. Kxh2 Qh8+ 45. Kg1 Qh3 46. Nf2 Qxg3+
0-1

[Event "12sen.WM-H Naumburg"]
[Site "Naumburg/Saale(20.10.-03.11.)"]
[Date "2002.10.22"]
[Round "2"]
[White "Schwichtenberg, Juergen"]
[Black "Bogorad, Michail"]
[Result "0-1"]
[WhiteElo "1633"]
[BlackElo "2197"]
[PlyCount "54"]
[EventDate "2002.11.??"]

1. b4 e5 2. b5 a6 3. Bb2 f6 4. a4 d5 5. e3 Be6 6. Nf3 Nd7 7. d4 e4 8. Nfd2 axb5
9. axb5 Rxa1 10. Bxa1 f5 11. c4 Ngf6 12. c5 g6 13. g3 Ng4 14. Be2 Bg7 15. Nb3
b6 16. N1d2 O-O 17. O-O h5 18. h3 Nh6 19. f4 exf3 20. Bxf3 Nf6 21. h4 Ne4 22.
Kg2 Ng4 23. Re1 Bf6 24. Nf1 Bxh4 25. gxh4 Qxh4 26. Re2 Ngf2 27. Qc2 Qh1# 0-1

[Event "12sen.WM-H Naumburg"]
[Site "Naumburg/Saale(20.10.-03.11.)"]
[Date "2002.10.22"]
[Round "2"]
[White "Shestoperov, Alexej"]
[Black "Winiwarter, Felix_Dr"]
[Result "1-0"]
[WhiteElo "2464"]
[BlackElo "2191"]
[PlyCount "101"]
[EventDate "2002.11.??"]

1. d4 f5 2. g3 Nf6 3. Bg2 g6 4. Nf3 Bg7 5. O-O O-O 6. c4 d6 7. Nc3 Nc6 8. d5
Na5 9. Qa4 c5 10. dxc6 bxc6 11. Nd4 Bd7 12. Nb3 Nxb3 13. Qxb3 Rb8 14. Qc2 Qb6
15. b3 Ne4 16. Bb2 Nxc3 17. Bxc3 Bxc3 18. Qxc3 f4 19. c5 Qb5 20. Rad1 d5 21.
Qe5 fxg3 22. hxg3 Rbe8 23. Bxd5+ cxd5 24. Qxd5+ e6 25. Qxd7 Qxc5 26. Rc1 Re7
27. Rxc5 Rxd7 28. Rfc1 Rfd8 29. Kg2 Kf7 30. Rc8 Rxc8 31. Rxc8 Kf6 32. Rc5 Ke7
33. Ra5 Kf6 34. f4 Rc7 35. Kf3 h5 36. b4 Rd7 37. a4 Rb7 38. b5 Rc7 39. Ra6 Rc3+
40. e3 Rc7 41. Ke4 Rd7 42. Kf3 Rc7 43. g4 hxg4+ 44. Kxg4 Kf7 45. e4 Kf6 46. a5
Rb7 47. e5+ Ke7 48. b6 axb6 49. axb6 Kd8 50. Ra8+ Kd7 51. Ra7 1-0

[Event "12sen.WM-H Naumburg"]
[Site "Naumburg/Saale(20.10.-03.11.)"]
[Date "2002.10.22"]
[Round "2"]
[White "Stock, Hugo"]
[Black "Hohler, Peter"]
[Result "0-1"]
[WhiteElo "1684"]
[BlackElo "2210"]
[PlyCount "80"]
[EventDate "2002.11.??"]

1. d4 Nf6 2. c4 e6 3. Nc3 Bb4 4. Qc2 c5 5. e3 O-O 6. Nf3 d5 7. Bd3 dxc4 8. Bxc4
cxd4 9. Nxd4 a6 10. Be2 Bd7 11. Bd2 Nc6 12. Nf3 Qe7 13. O-O Rac8 14. Rac1 Rfd8
15. Qb1 e5 16. Ne1 e4 17. Rd1 Bf5 18. Nc2 Ba5 19. a3 Bc7 20. Na2 Qe5 21. g3 Bh3
22. f4 exf3 23. Rxf3 Ne4 24. Bc3 Nxc3 25. Nxc3 Bb6 26. Qa2 Rxd1+ 27. Nxd1 Be6
28. Bc4 Nd4 29. exd4 Bxc4 30. b3 Bxd4+ 31. Nf2 Bd5 32. Nxd4 Rc1+ 33. Kg2 Qxd4
34. Qe2 Rc8 35. h4 h6 36. Kh3 Bxf3 37. Qxf3 Qd7+ 38. Kh2 Qc6 39. Qe3 Qc5 40.
Qf3 Qc6 0-1

[Event "12sen.WM-H Naumburg"]
[Site "Naumburg/Saale(20.10.-03.11.)"]
[Date "2002.10.22"]
[Round "2"]
[White "Thonig, Manfred"]
[Black "Moschell, Hans_Helmut"]
[Result "0-1"]
[WhiteElo "1569"]
[BlackElo "1847"]
[PlyCount "100"]
[EventDate "2002.11.??"]

1. f4 Nf6 2. b3 b6 3. e3 Bb7 4. Nf3 g6 5. Bb2 Bg7 6. Be2 O-O 7. O-O d6 8. c4
Nbd7 9. d4 e6 10. Nc3 Ne4 11. Nxe4 Bxe4 12. Ng5 Bb7 13. Qc2 h6 14. Nf3 f5 15.
Rad1 Nf6 16. Nd2 Qe7 17. Bf3 d5 18. a4 Rac8 19. c5 c6 20. b4 Ba6 21. Rfe1 bxc5
22. dxc5 Nd7 23. Bxg7 Qxg7 24. Nb3 Rfe8 25. Be2 Bxe2 26. Rxe2 Rb8 27. Qd2 Nf6
28. Nd4 Ne4 29. Qe1 Qd7 30. Nf3 Qb7 31. Rd4 g5 32. Ne5 Rec8 33. fxg5 hxg5 34.
Rc2 Qg7 35. a5 Qxe5 36. g3 Qg7 37. Rg2 Rb5 38. Qe2 Qh8 39. Qe1 Rcb8 40. h4 g4
41. Ra2 e5 42. Rd1 Rxb4 43. Raa1 Qf6 44. Rab1 R4b5 45. Rxb5 Rxb5 46. Rb1 a6 47.
Rxb5 cxb5 48. Qd1 Qc6 49. Qf1 Qxc5 50. Qe1 Qc3 0-1

[Event "12sen.WM-H Naumburg"]
[Site "Naumburg/Saale(20.10.-03.11.)"]
[Date "2002.10.22"]
[Round "2"]
[White "Thuma, Horst"]
[Black "Davydov, Michael"]
[Result "0-1"]
[WhiteElo "1678"]
[BlackElo "2038"]
[PlyCount "119"]
[EventDate "2002.11.??"]

1. e4 c6 2. Nf3 d5 3. exd5 cxd5 4. d4 Nc6 5. c3 Nf6 6. Bd3 Bg4 7. O-O e6 8. Re1
Bd6 9. Nbd2 Qc7 10. h3 Bh5 11. Nf1 O-O 12. Bg5 Bf4 13. Bxf4 Qxf4 14. Qd2 Qxd2
15. N1xd2 Rfc8 16. g4 Bg6 17. Bxg6 hxg6 18. Ne5 Nxe5 19. Rxe5 Rc6 20. f3 Nd7
21. Re3 g5 22. Rae1 a5 23. a4 Nb6 24. Ra1 f6 25. Kf2 Kf7 26. Kg3 Rh8 27. Re2
Nd7 28. Nb3 b6 29. Rae1 Nf8 30. Nd2 Ng6 31. Rh2 Rb8 32. Nb3 Rc4 33. Ra1 Rc7 34.
Nc1 e5 35. Ne2 Nf4 36. dxe5 fxe5 37. h4 gxh4+ 38. Kf2 Nd3+ 39. Kg1 Nxb2 40.
Rxh4 Rc4 41. Rh5 Re8 42. Ra2 Nxa4 43. Rd2 Ke6 44. Rd3 Nc5 45. Re3 Kd6 46. Rg5
Re7 47. Rg6+ Kc7 48. Nd4 a4 49. Nb5+ Kb7 50. Nd6+ Ka6 51. Nxc4 dxc4 52. f4 e4
53. f5 a3 54. Re2 Kb5 55. Rd6 Ra7 56. Rdd2 Ka4 57. Ra2 Kb3 58. g5 Nd3 59. Ra1
Kxc3 60. f6 0-1

[Event "12sen.WM-H Naumburg"]
[Site "Naumburg/Saale(20.10.-03.11.)"]
[Date "2002.10.22"]
[Round "2"]
[White "Titz, Herbert"]
[Black "Rahls, Peter"]
[Result "0-1"]
[WhiteElo "2089"]
[BlackElo "2291"]
[PlyCount "82"]
[EventDate "2002.11.??"]

1. d4 c5 2. e3 Nf6 3. Nf3 e6 4. c4 b6 5. Be2 Bb7 6. Nc3 Be7 7. O-O O-O 8. b3
cxd4 9. Nxd4 Na6 10. Bf3 d5 11. Qe2 e5 12. Nf5 e4 13. Bg4 dxc4 14. Rd1 Qe8 15.
bxc4 Nxg4 16. Qxg4 Bf6 17. Bb2 Bc8 18. Rd6 Bxf5 19. Qxf5 Qe5 20. Rxf6 Qxf6 21.
Qxf6 gxf6 22. Nxe4 Rfd8 23. Nxf6+ Kg7 24. Ng4+ Kf8 25. Nf6 h6 26. Nh7+ Ke7 27.
Nf6 Rac8 28. Ng4 Rd6 29. Ba3 Nc5 30. e4 h5 31. Ne3 Rd3 32. Bb4 Kd8 33. e5 a5
34. Be1 Nd7 35. Rb1 Rc6 36. Nd5 Rxc4 37. Nxb6 Nxb6 38. Rxb6 Rc1 39. Kf1 Rdd1
40. Rd6+ Rxd6 41. exd6 Ra1 0-1

[Event "12sen.WM-H Naumburg"]
[Site "Naumburg/Saale(20.10.-03.11.)"]
[Date "2002.10.22"]
[Round "2"]
[White "Tschirky, Werner"]
[Black "Rubinstein, Mark"]
[Result "0-1"]
[WhiteElo "1652"]
[BlackElo "2012"]
[PlyCount "70"]
[EventDate "2002.11.??"]

1. e4 e6 2. d4 d5 3. Nd2 c5 4. exd5 exd5 5. Bb5+ Nc6 6. Ne2 Nf6 7. O-O Qb6 8.
Bxc6+ bxc6 9. c3 Bd6 10. h3 O-O 11. dxc5 Bxc5 12. Nb3 Bd6 13. Be3 c5 14. Qc1 a5
15. Nd2 Qc7 16. Nf3 Re8 17. Re1 Ba6 18. Qd2 Rad8 19. Bg5 Be7 20. Bf4 Qb6 21.
Ng3 g6 22. Qc2 Bb7 23. Re2 d4 24. cxd4 Nd5 25. Be3 Nxe3 26. Rxe3 cxd4 27. Rb3
Qa6 28. Qd3 Qxd3 29. Rxd3 Bf6 30. Re1 Ba6 31. Rxe8+ Rxe8 32. Rd1 d3 33. b3 Bc3
34. Nd2 f5 35. Kf1 Re2 0-1

[Event "12sen.WM-H Naumburg"]
[Site "Naumburg/Saale(20.10.-03.11.)"]
[Date "2002.10.22"]
[Round "2"]
[White "Villing, Dieter"]
[Black "Uhlmann, Wolfgang"]
[Result "0-1"]
[WhiteElo "2183"]
[BlackElo "2440"]
[PlyCount "66"]
[EventDate "2002.11.??"]

1. e4 e6 2. d4 d5 3. e5 c5 4. c3 Nc6 5. Nf3 Qb6 6. Be2 cxd4 7. cxd4 Nh6 8. Nc3
Nf5 9. Na4 Bb4+ 10. Kf1 Qd8 11. h4 Be7 12. Bf4 Nxh4 13. Nxh4 Bxh4 14. Rc1 Be7
15. Rc3 Bd7 16. Nc5 Bxc5 17. dxc5 Qc7 18. Bb5 Ne7 19. Bd3 Ng6 20. Bg3 a6 21.
Kg1 d4 22. Rc1 Bb5 23. a4 Bxd3 24. Qxd3 Qd7 25. Kh2 Rd8 26. Rhe1 Qxa4 27. Rc4
Qb5 28. b3 h5 29. Re4 h4 30. Bf4 Rd5 31. Bg5 h3 32. f4 hxg2+ 33. Kxg2 Rh5 0-1

[Event "12sen.WM-H Naumburg"]
[Site "Naumburg/Saale(20.10.-03.11.)"]
[Date "2002.10.22"]
[Round "2"]
[White "Viner, Phillip"]
[Black "Unzicker, Wolfgang"]
[Result "0-1"]
[WhiteElo "2175"]
[BlackElo "2432"]
[PlyCount "57"]
[EventDate "2002.11.??"]

1. Nf3 Nf6 2. g3 g6 3. Bg2 Bg7 4. O-O O-O 5. c4 d6 6. d4 Nbd7 7. Nc3 e5 8. Qc2
exd4 9. Nxd4 Nb6 10. Rd1 Nxc4 11. Ncb5 a6 12. Qxc4 axb5 13. Nxb5 Ne8 14. Qd3
Bf5 15. e4 Bg4 16. f3 Be6 17. a4 c6 18. Nd4 Bd7 19. Ra3 Nc7 20. f4 d5 21. e5 c5
22. Nb5 Rxa4 23. Nxc7 Rd4 24. Qe2 Qxc7 25. Bxd5 Bb5 26. Qe1 Rd8 27. Rxd4 cxd4
28. Be4 Bf8 29. Qa5 0-1

[Event "12sen.WM-H Naumburg"]
[Site "Naumburg/Saale(20.10.-03.11.)"]
[Date "2002.10.22"]
[Round "2"]
[White "Waisberg, Arnold"]
[Black "Dahlhaus, Friedhelm"]
[Result "1/2-1/2"]
[WhiteElo "2063"]
[BlackElo "2233"]
[PlyCount "90"]
[EventDate "2002.11.??"]

1. e4 e5 2. Bc4 Nf6 3. d3 Nc6 4. Nc3 Bc5 5. Nf3 d6 6. Bg5 h6 7. Bxf6 Qxf6 8.
Nd5 Qd8 9. a3 a6 10. b4 Ba7 11. h3 Be6 12. O-O O-O 13. Nh2 Ne7 14. Kh1 c6 15.
Nxe7+ Qxe7 16. Bxe6 Qxe6 17. Qg4 a5 18. Qxe6 fxe6 19. Nf3 axb4 20. axb4 Bd4 21.
Nxd4 exd4 22. f3 b5 23. Rfb1 Kf7 24. Kh2 e5 25. Kg3 Ke6 26. Kf2 Ra4 27. Rxa4
bxa4 28. Ra1 Ra8 29. Ke2 Kd7 30. Kd2 Kc7 31. c4 d5 32. Ra3 Kb6 33. exd5 cxd5
34. Kc2 Rc8 35. Rxa4 dxc4 36. dxc4 Rxc4+ 37. Kd2 Kc6 38. Ra7 Rxb4 39. Rxg7 Rb2+
40. Kd3 Kd5 41. Rg6 Ra2 42. h4 Rb2 43. Rg8 Rb3+ 44. Kd2 Rb2+ 45. Kd3 Rb3+
1/2-1/2

[Event "12sen.WM-H Naumburg"]
[Site "Naumburg/Saale(20.10.-03.11.)"]
[Date "2002.10.22"]
[Round "2"]
[White "Weigel, Max"]
[Black "Hansen, Hans"]
[Result "0-1"]
[WhiteElo "1581"]
[BlackElo "1871"]
[PlyCount "124"]
[EventDate "2002.11.??"]

1. Nf3 d5 2. c4 e6 3. e3 Nf6 4. a3 c5 5. b3 Nc6 6. Bb2 Be7 7. Be2 O-O 8. O-O
Qb6 9. Qc2 Na5 10. Bd1 Rd8 11. d3 Bd7 12. Nbd2 Rac8 13. Rb1 Nc6 14. Ne5 Nxe5
15. Bxe5 Qa6 16. a4 Bc6 17. f4 Rd7 18. d4 cxd4 19. Bxd4 dxc4 20. bxc4 b6 21.
Rf2 Qa5 22. Ra1 Bb7 23. Bf3 Bxf3 24. Rxf3 b5 25. axb5 Qd8 26. Nb3 Rdc7 27. Ra4
Nd5 28. Rf1 Nb6 29. Bxb6 axb6 30. Raa1 Rd7 31. Qe2 Bf6 32. Rab1 Rd3 33. Rfe1
Rc7 34. Qf3 Rc8 35. Kf1 g6 36. Qe2 Bc3 37. Rec1 Rxc4 38. Rc2 Rb4 39. Rxc3 Rxc3
40. Rd1 Qc7 41. Nd4 Qc4 42. Qxc4 Rbxc4 43. Kf2 Ra4 44. Rd2 Rca3 45. Re2 Rd3 46.
h3 Kf8 47. g4 Ke7 48. g5 Kd7 49. Nf3 Rb3 50. Nd4 Rc3 51. Nf3 Ke7 52. Nd4 Kd6
53. Nf3 Kc5 54. Ne5 Ra7 55. Rb2 Rc7 56. Ke2 Kd6 57. Rd2+ Ke7 58. Nf3 Rc2 59.
Nd4 Rxd2+ 60. Kxd2 Kd6 61. Ne2 e5 62. fxe5+ Kxe5 0-1

[Event "12sen.WM-H Naumburg"]
[Site "Naumburg/Saale(20.10.-03.11.)"]
[Date "2002.10.22"]
[Round "2"]
[White "Wiebke, Elfriede"]
[Black "Kachar, Vladimir"]
[Result "0-1"]
[WhiteElo "1150"]
[BlackElo "2373"]
[PlyCount "74"]
[EventDate "2002.11.??"]

1. e4 c5 2. Nf3 Nc6 3. Bb5 g6 4. O-O Bg7 5. c3 a6 6. Bxc6 dxc6 7. Re1 Nf6 8. h3
O-O 9. d4 cxd4 10. cxd4 c5 11. Nc3 cxd4 12. Nxd4 Nd7 13. Nb3 b6 14. Bf4 Bb7 15.
e5 Rc8 16. Rc1 Rc4 17. Ne2 Rxc1 18. Nbxc1 Qc8 19. Nd3 Qc6 20. f3 Qd5 21. Nb4
Qxd1 22. Rxd1 Nxe5 23. Bxe5 Bxe5 24. Nd3 Bd6 25. Nf2 f5 26. Nd4 Rc8 27. Nd3 Kf7
28. Kf2 Kf6 29. h4 Bd5 30. b3 Bb7 31. a4 Rc3 32. a5 bxa5 33. Nb2 Bb4 34. Na4
Rc7 35. Nb6 e5 36. Ne2 Bc5+ 37. Kg3 Bxb6 0-1

[Event "12sen.WM-H Naumburg"]
[Site "Naumburg/Saale(20.10.-03.11.)"]
[Date "2002.10.22"]
[Round "2"]
[White "Wilke, Dieter_Dr"]
[Black "Asmundsson, Ingvar"]
[Result "0-1"]
[WhiteElo "1964"]
[BlackElo "2338"]
[PlyCount "60"]
[EventDate "2002.11.??"]

1. d4 d5 2. c4 c6 3. Nf3 Nf6 4. Nc3 dxc4 5. a4 c5 6. d5 Bf5 7. e3 e6 8. Bxc4
exd5 9. Nxd5 Nc6 10. O-O Bd6 11. Nxf6+ Qxf6 12. Bd2 O-O 13. Bc3 Qh6 14. h3 Rad8
15. Qe2 Rfe8 16. Rfd1 Be4 17. Rd2 Bc7 18. Rad1 Rd6 19. Rxd6 Bxd6 20. Bd5 Bxd5
21. Rxd5 Qe6 22. Rd2 h6 23. Qd3 Rd8 24. Qb5 Rd7 25. a5 a6 26. Qa4 Bc7 27. Qa3
Rxd2 28. Bxd2 Qc4 29. g3 Qd5 30. e4 Qxe4 0-1

[Event "12sen.WM-H Naumburg"]
[Site "Naumburg/Saale(20.10.-03.11.)"]
[Date "2002.10.22"]
[Round "2"]
[White "Wunderer, Eckart"]
[Black "Achenbach, Manfred"]
[Result "1/2-1/2"]
[WhiteElo "2206"]
[BlackElo "2006"]
[PlyCount "37"]
[EventDate "2002.11.??"]

1. e4 c5 2. d3 d6 3. Nf3 e5 4. Be2 Nf6 5. c3 Be7 6. O-O O-O 7. a4 Nc6 8. Nbd2
h6 9. Nc4 Be6 10. Ne3 d5 11. Qc2 d4 12. cxd4 cxd4 13. Nc4 Rc8 14. b3 a6 15. Qb1
Qc7 16. Bd2 Nd7 17. Rc1 Qb8 18. a5 Na7 19. Qb2 1/2-1/2

[Event "12sen.WM-H Naumburg"]
[Site "Naumburg/Saale(20.10.-03.11.)"]
[Date "2002.10.22"]
[Round "2"]
[White "Zakhvatov, Vladimir"]
[Black "Gerhardt, Peter_Michael"]
[Result "1/2-1/2"]
[WhiteElo "2314"]
[BlackElo "2124"]
[PlyCount "71"]
[EventDate "2002.11.??"]

1. Nf3 Nf6 2. c4 c5 3. g3 g6 4. d4 cxd4 5. Nxd4 Bg7 6. Bg2 O-O 7. O-O Nc6 8.
Nc3 Nxd4 9. Qxd4 d6 10. Bg5 Bd7 11. Qd2 Bc6 12. e4 Re8 13. Bh6 Bh8 14. h3 Nd7
15. Rac1 a5 16. b3 Rb8 17. Rfd1 b6 18. Ne2 Nc5 19. Nd4 Bb7 20. Qe3 Qc8 21. f4
Bg7 22. Bxg7 Kxg7 23. f5 f6 24. h4 Ba8 25. a3 Rg8 26. b4 Nd7 27. fxg6 hxg6 28.
Bh3 Qb7 29. Ne6+ Kh7 30. Nf4 Ne5 31. Nd5 Rg7 32. Rd2 axb4 33. axb4 b5 34. cxb5
Qxb5 35. Bf1 Qa4 36. Nb6 1/2-1/2

[Event "12sen.WM-H Naumburg"]
[Site "Naumburg/Saale(20.10.-03.11.)"]
[Date "2002.10.22"]
[Round "2"]
[White "Zhukov, Viktor"]
[Black "Simon, Eberhard"]
[Result "1-0"]
[WhiteElo "2220"]
[BlackElo "1819"]
[PlyCount "63"]
[EventDate "2002.11.??"]

1. e4 c6 2. d4 d5 3. exd5 cxd5 4. c4 Nf6 5. Nc3 g6 6. Nf3 Bg7 7. cxd5 Nxd5 8.
Qb3 Nb6 9. Bb5+ Bd7 10. a4 O-O 11. Bxd7 Qxd7 12. a5 Nc8 13. O-O Nc6 14. d5 Nd4
15. Nxd4 Bxd4 16. Bh6 Bg7 17. Bxg7 Kxg7 18. Ne4 Rd8 19. Rfd1 Qf5 20. Qxb7 Nd6
21. Nxd6 exd6 22. Qb4 Rab8 23. Qd4+ Kg8 24. Qxa7 Rxb2 25. a6 Rdb8 26. Qe3 R8b3
27. Qe1 Qc8 28. Rdc1 Qa8 29. a7 Kg7 30. h3 Rb7 31. Qc3+ f6 32. Qc8 1-0